Statistieken voor Vlaggen van Afrika

Klik hier om de quiz te nemen!

Algemene statistieken

  • Deze quiz is 2.795 keer genomen
  • De gemiddelde score is 33 van 54

Antwoordstatistieken

Antwoord% Correct
Zuid-Afrika
99%
Egypte
91%
Algerije
88%
Tunesië
88%
Kenia
87%
Nigeria
86%
Ivoorkust
82%
Marokko
82%
Angola
79%
Oeganda
79%
Seychellen
71%
Kameroen
69%
Somalië
69%
Senegal
68%
Eswatini
67%
Ghana
67%
Tanzania
67%
Niger
66%
Ethiopië
65%
Liberia
65%
Madagaskar
64%
Tsjaad
64%
Democratische Republiek Congo
63%
Kaapverdië
62%
Libië
61%
Soedan
61%
Burkina Faso
60%
Mauritanië
60%
Malawi
59%
Zimbabwe
58%
Botswana
57%
Burundi
57%
Gabon
57%
Lesotho
57%
Mozambique
57%
Zambia
57%
Mali
55%
Zuid-Soedan
54%
Comoren
53%
Centraal-Afrikaanse Republiek
52%
Togo
52%
Eritrea
51%
Sierra Leone
49%
Benin
48%
Republiek Congo
46%
Rwanda
46%
Guinee
44%
Djibouti
43%
Mauritius
42%
Sao Tome en Principe
42%
Namibië
41%
Guinee-Bissau
40%
Gambia
38%
Equatoriaal-Guinea
36%

Scoreverdeling

Percentiel versus Aantal Correcte Antwoorden

Procent van Mensen met Elke Score

Uw Scoregeschiedenis

U heeft deze quiz nog niet genomen